MARC

LEADER 00000nam0a2200000 4500
001 374106
005 20231102012626.0
010 |a 5250005292 
035 |a (RuTPU)RU\TPU\retro\31540 
035 |a RU\TPU\book\225620 
090 |a 374106 
100 |a 20221216d1990 m y0rusy50 ca 
101 0 |a rus 
102 |a RU 
105 |a a z 001zb 
200 1 |a Первая в мире  |e биографический очерк об А. М. Коллонтай  |f М. И. Олесин 
210 |a Москва  |c Изд-во политической лит-ры  |d 1990 
215 |a 384 с.  |c ил. 
320 |a Библиогр.: с. 369-382. 
600 1 |a Коллонтай  |b А. М.  |c урожденная Домонтович  |c российский дипломат  |f 1872-1952  |g Александра Михайловна  |2 stltpush  |3 (RuTPU)RU\TPU\pers\12467  |9 3474 
610 1 |a биографии 
610 1 |a жизнь 
610 1 |a дипломатическая деятельность 
610 1 |a дневники 
610 1 |a письма 
610 1 |a очерки 
686 |a Ф61(2)8  |2 rubbk 
700 1 |a Олесин  |b М. И.  |g Михаил Иванович 
801 1 |a RU  |b 63413507  |c 20120118 
801 2 |a RU  |b 63413507  |c 20221216  |g RCR 
942 |c BK